00398 2200157 4500001002100000008004100021035002000062245003900082260003300121300002000154020001800174084001400192082000800206650001500214990001100229INLIS000000000001108 ind  a0010-0722000657 aSave Your MoneycYosephine P. Tyas aJakarta :bNoura Booksc2014 a152c13 x 19 cm a9786027816220 a332 YOS s a332 aPendidikan aDI.568